| 000 | 00782nam a2200241 a 4500 | ||
|---|---|---|---|
| 001 | 53348 | ||
| 003 | BD-RjUL | ||
| 005 | 20211209075940.0 | ||
| 008 | 051115r20072006ii a b 001 0 eng c | ||
| 020 | _a8173196036 | ||
| 035 | _a(BD-RjUL)53468 | ||
| 040 |
_dBD-RjUL _beng _aBD-RjUL _cBD-RjUL |
||
| 041 | _aeng | ||
| 082 |
_223 _a541.0421 _bWAS 2007 |
||
| 100 | 1 |
_aWahab, M. A. _q(Mohammad Abdul) _9159460 |
|
| 245 | 1 | 0 |
_aSolid state physics : _bstructure and properties of materials / _cM.A. Wahab. |
| 250 | _a2nd ed. | ||
| 260 |
_aKolkata : _bNorosa Publishing House, _c2006 [Reprinted 2007] |
||
| 300 |
_axxiv, 596 p. : _bill. ; _c23 cm. |
||
| 504 | _aIncludes bibliographical references (p. [588]-590) and index. | ||
| 650 | 0 |
_aSolid state physics. _9119295 |
|
| 942 |
_2ddc _cBK _01 |
||
| 999 |
_c53348 _d53348 |
||